South Cambridgeshire District Council v Dan Flynn and 35 others (Record no. 77311)

MARC details
000 -LEADER
fixed length control field 02320cab a2200253 4500
001 - CONTROL NUMBER
control field ##L133996
008 - FIXED-LENGTH DATA ELEMENTS--GENERAL INFORMATION
fixed length control field 060629n2006 000 0 eng u
035 ## - SYSTEM CONTROL NUMBER
System control number (Sirsi) u133996
041 0# - LANGUAGE CODE
Language code of text/sound track or separate title eng
245 00 - TITLE STATEMENT
Title South Cambridgeshire District Council v Dan Flynn and 35 others
260 ## - PUBLICATION, DISTRIBUTION, ETC.
Date of publication, distribution, etc. 2006
520 ## - SUMMARY, ETC.
Summary, etc. [2006] EWHC 1320 QB, 7 June 2006. Concerns the granting of an injunction requiring the removal of residential caravans from land owned by gypsies because the caravans harmed the landscape and local amenities and conflicted with local planning policies. S had issued enforcement notices prohibiting F from using land they owned as a residential caravan site. F applied for planning permission to site caravans on the land. This was rejected and even arguments in favour of temporary planning permission were deemed to be wholly without merit. F submitted that the grant of an injunction would infringe their rights under the Convention for the Protection of Human Rights and Fundamental Freedoms Art 8 and that ODPM Circular 01/2006 substantially improved their prospects of being granted temporary permission as it required the local authority to give due consideration to any unmet need for adequate alternative permanent site. "Held": application granted. It was proportionate to grant S an injunction and there was no breach of F's Art 8 rights. F's continued presence on the land had been a flagrant breach of planning control. Even following Circular 01/2006 a real prospect of obtaining temporary planning permission was necessary before the adjournment of the injunction application could be justified and F's prospects of obtaining such a permission were very low.
590 ## - LOCAL NOTE (RLIN)
Local note IKA040706
650 24 - SUBJECT ADDED ENTRY--TOPICAL TERM
Topical term or geographic name entry element SOUTH CAMBRIDGESHIRE DC V FLYNN AND OTHERS
650 24 - SUBJECT ADDED ENTRY--TOPICAL TERM
Topical term or geographic name entry element TOWN AND COUNTRY PLANNING ACT1990 S187B
650 24 - SUBJECT ADDED ENTRY--TOPICAL TERM
Topical term or geographic name entry element CONVENTION FOR THE PROTECTION OF HUMAN RIGHTS AND FUNDAMENTAL FREEDOMS ART 8
650 24 - SUBJECT ADDED ENTRY--TOPICAL TERM
Topical term or geographic name entry element ODPM CIRCULAR 01/2006
650 24 - SUBJECT ADDED ENTRY--TOPICAL TERM
Topical term or geographic name entry element WREXHAM BC V BERRY
650 24 - SUBJECT ADDED ENTRY--TOPICAL TERM
Topical term or geographic name entry element SOUTH BUCKS DC V SMITH
651 #4 - SUBJECT ADDED ENTRY--GEOGRAPHIC NAME
Geographic name England and Wales
Chronological subdivision 1543-
690 ## - LOCAL SUBJECT ADDED ENTRY--TOPICAL TERM (OCLC, RLIN)
Topical term or geographic name as entry element ENVIRONMENTAL AND LAND CONSULTANCY-PLANNING AND DEVELOPMENT-DEVELOPMENT CONTROL-PLANNING ENFORCEMENT
856 40 - ELECTRONIC LOCATION AND ACCESS
Uniform Resource Identifier <a href="https://www.bailii.org/ew/cases/EWHC/QB/2006/1320.html">https://www.bailii.org/ew/cases/EWHC/QB/2006/1320.html</a>
Public note View the judgment free of charge at www.bailii.org...
942 ## - ADDED ENTRY ELEMENTS (KOHA)
Suppress in OPAC 0
Holdings
Withdrawn status Lost status Source of classification or shelving scheme Damaged status Not for loan Home library Current library Shelving location Date acquired Total Checkouts Full call number Barcode Date last seen Copy number Price effective from Koha item type
    Dewey Decimal Classification     Virtual Virtual Online 29/06/2006   ONLINE PUBLICATION 133996-2001 06/08/2019 1 06/08/2019 Law report